Avrupa Birliği'nin neresindeyiz (Record no. 1527)

MARC details
000 -BAŞLIK
Sabit Uzunlukta Kontrol Alanı 00682na a2200241 4500
001 - KONTROL NUMARASI
Denetim Alanı 21598
003 - KONTROL NUMARASI IDENTIFIER
Denetim Alanı MIRAKIL
005 - SON İŞLEM TARİHİ VE ZAMANI
Denetim Alanı 20181213154825.0
008 - SABİT-BOY VERİ ELEMANLARI - GENEL BİLGİLER
Sabit Uzunlukta Kontrol Alanı 170205b tu 000 0
020 ## - ULUSLARARASI STANDART KİTAP NUMARASI
Uluslararası Standart Kitap Numarası 9758913050
040 ## - KATALOGLAMA KAYNAK
Orijinal Kataloglama Ajansı Milas
Kataloglama Dili tur
Metne Dönüştürmek Ajansı TR-AnCHP
041 ## - DİL KODU
Metin / Ses Parça Veya Ayrı Başlığın Dil Kodu tur
082 ## - DEWEY ONLU SINIFLANDIRMA NUMARASI
Sınıflandırma Numarası 337.142
Ürün Numarası A92a 2004
090 ## - SINIFLAMA NUMARASI
Sınıflama Numarası 337.142 A92a 2004
100 ## - ANA GİRİŞ - KİŞİSEL İSİM
Kişisel Ad Aydoğan, Metin
Bir Adıyla İlişkilendirilen Tarihler 1945-
245 ## - BAŞLIK TABLOSU
Başlık Avrupa Birliği'nin neresindeyiz
Başlığın Kalan Tanzimattan gümrük birliğine
Sorumluluk Tablosu, Vb Metin Aydoğan
250 ## - EDITION TABLOSU
Baskı Beyanı 13. bs.
260 ## - YAYIN, DAĞITIM, VB
Yayın, Dağıtım, Vb Yeri İzmir
Yayıncı, Dağıtıcı, Vs Adı Umay Yayınları
Yayın, Dağıtım, Vb Tarihi 2004
300 ## - FİZİKSEL TANIM
Kapsam 508 s.
Boyutlar 21 sm.
504 ## - KAYNAKÇA VB NOT
Kaynakça Vb Notu Kaynakça(s. 483-508) var.
610 ## - KONU KATMA GİRİŞ - TOPLANTI ADI
Giriş Elemanı Olarak Kurumsal Ad Veya Yargı Alanı Adı Avrupa Birliği
Çeşitli Bilgiler Tarih
Coğrafi Alt Bölüm Türkiye
942 ## - EKLENDİ GİRİŞ ELEMANLARI (KOHA)
Sınıflandırma Veya Raf Düzeni Kaynak
Koha Öğesi Türü Books
999 ## - SİSTEM KONTROL NUMARALARI (KOHA)
Koha Biblionumber 1527
Koha Biblioitemnumber 1527
Holdings
Kalıcı Konum Mevcut Konum Edinme Tarihi Edinim Kaynak Toplam Check-Out'Lar Tam Çağrı Numarası Barkod Tarih Son Görülme İtibaren Geçerli Fiyatlar Koha Öğesi Türü
CHP Kütüphanesi CHP Kütüphanesi 02/05/2017 Bağış   337.142 A92a 2004 015569 02/05/2017 02/05/2017 Books